Cách tiến hành công trình nghiên cứu y học
Guardat en:
| Autor principal: | |
|---|---|
| Format: | Llibre |
| Idioma: | Undetermined |
| Publicat: |
Hà Nội
Y Học
1997
|
| Matèries: | |
| Etiquetes: |
Afegir etiqueta
Sense etiquetes, Sigues el primer a etiquetar aquest registre!
|
| Thư viện lưu trữ: | Trung tâm Học liệu Trường Đại học Cần Thơ |
|---|
| LEADER | 00545nam a2200169Ia 4500 | ||
|---|---|---|---|
| 001 | CTU_46004 | ||
| 008 | 210402s9999 xx 000 0 und d | ||
| 082 | |a 610.72 | ||
| 082 | |b L304 | ||
| 100 | |a Nguyễn Thanh Liêm | ||
| 245 | 0 | |a Cách tiến hành công trình nghiên cứu y học | |
| 245 | 0 | |c Nguyễn Thanh Liêm, Lê Bích Thủy, Đặng Phương Kiệt | |
| 260 | |a Hà Nội | ||
| 260 | |b Y Học | ||
| 260 | |c 1997 | ||
| 650 | |a medical research | ||
| 980 | |a Trung tâm Học liệu Trường Đại học Cần Thơ | ||